000 00297nam a22001337a 4500
008 170425b xxu||||| |||| 00| 0 eng d
020 _a9780697360243
041 _aeng
080 _23 ED
_a54
100 _a12
101 _aSHM
245 _aCHEMISTRY CONTEXT
_cSTANISKI.C.L
942 _2udc
_cBK
999 _c11979
_d11979